Central Library OPAC University of Rajshahi

Fauna of India and adjacent countries : (Record no. 66101)

MARC details
000 -LEADER
fixed length control field 01085nam a2200289 a 4500
001 - CONTROL NUMBER
control field 66101
003 - CONTROL NUMBER IDENTIFIER
rucl marc code BD-RjUL
005 - DATE AND TIME OF LATEST TRANSACTION
control field 20211209081512.0
008 - FIXED-LENGTH DATA ELEMENTS--GENERAL INFORMATION
fixed length control field 170314s1990 ii a b f001 0 eng d
035 ## - SYSTEM CONTROL NUMBER
System control number (BD-RjUL)66231
040 ## - CATALOGING SOURCE
Original cataloging agency CU
Transcribing agency DLC
Modifying agency BD-RjUL
Language of cataloging eng
041 ## - LANGUAGE CODE
Language code of text/sound track or separate title eng
082 00 - DEWEY DECIMAL CLASSIFICATION NUMBER
Classification number 595.768
Edition number 23
Author mark and year PAF 1990
100 1# - MAIN ENTRY--PERSONAL NAME
Personal name Pajni, H. R.
Fuller form of name (Hans Raj),
Dates associated with a name 1932-
9 (RLIN) 195544
245 10 - TITLE STATEMENT
Title Fauna of India and adjacent countries :
Remainder of title Coleoptera, Curculionidae, subfamily Eremninae, tribe Cyphicerini /
Statement of responsibility, etc. by H.R. Pajni ; edited by the Director, Zoological Survey of India.
260 ## - PUBLICATION, DISTRIBUTION, ETC. (IMPRINT)
Place of publication, distribution, etc. Calcutta :
Name of publisher, distributor, etc. The Survey,
Date of publication, distribution, etc. 1990.
300 ## - PHYSICAL DESCRIPTION
Pagination xv, 568 p. :
Illustrations ill. ;
Size 25 cm.
490 1# - SERIES STATEMENT
Series statement Fauna of India and adjacent countries
500 ## - GENERAL NOTE
General note Includes index.
504 ## - BIBLIOGRAPHY, ETC. NOTE
Bibliography, etc Includes bibliographical references (p. 493-498).
520 ## - SUMMARY, ETC.
Summary, etc. Classification and description.
650 #0 - SUBJECT ADDED ENTRY--TOPICAL TERM
Topical term or geographic name as entry element Curculionidae
Geographic subdivision India
General subdivision Classification.
9 (RLIN) 195545
Topical term or geographic name as entry element Curculionidae
Geographic subdivision India
General subdivision Identification.
9 (RLIN) 195546
710 2# - ADDED ENTRY--CORPORATE NAME
Corporate name or jurisdiction name as entry element Zoological Survey of India.
9 (RLIN) 194739
830 #0 - SERIES ADDED ENTRY--UNIFORM TITLE
Uniform title Fauna of India.
942 ## - ADDED ENTRY ELEMENTS (KOHA)
Source of classification or shelving scheme Dewey Decimal Classification
Koha item type Books
Holdings
Lost status Source of classification or shelving scheme Damaged status Not for loan Collection code Permanent Location Current Location Shelving location Date acquired Source of acquisition Cost, normal purchase price Total Checkouts Full call number Date last seen Copy number Koha item type
  Dewey Decimal Classification   Not For Loan Non-fiction Central Library, University of Rajshahi Central Library, University of Rajshahi Reading Room 14/05/1996 Cultural Centure of Island pub. 80.00   595.768 PAF 1990 14/03/2017 C-1 Books